<?xml version="1.0" encoding="UTF-8"?>
<record
    xmlns:xsi="http://www.w3.org/2001/XMLSchema-instance"
    xsi:schemaLocation="http://www.loc.gov/MARC21/slim http://www.loc.gov/standards/marcxml/schema/MARC21slim.xsd"
    xmlns="http://www.loc.gov/MARC21/slim">

  <leader>00797nam a22001577a 4500</leader>
  <controlfield tag="003">OSt</controlfield>
  <controlfield tag="005">20151216152341.0</controlfield>
  <controlfield tag="008">151216b        xxu||||| |||| 00| 0 eng d</controlfield>
  <datafield tag="040" ind1=" " ind2=" ">
    <subfield code="c">RUA</subfield>
  </datafield>
  <datafield tag="082" ind1=" " ind2=" ">
    <subfield code="a">ATM PRE 2001 B192 Or.1</subfield>
  </datafield>
  <datafield tag="100" ind1=" " ind2=" ">
    <subfield code="9">4949</subfield>
    <subfield code="a">PREY, SOVANN.</subfield>
  </datafield>
  <datafield tag="245" ind1=" " ind2=" ">
    <subfield code="a">Economical analysis of the use of portable rice harvester modified by the deparament of agricultural machinery, &#x1780;&#x17B6;&#x179A;&#x179C;&#x17B7;&#x1797;&#x17B6;&#x1782;&#x179F;&#x17C1;&#x178A;&#x17D2;&#x178B;&#x1780;&#x17B7;&#x1785;&#x17D2;&#x1785;&#x1791;&#x17C5;&#x179B;&#x17BE;&#x1780;&#x17B6;&#x179A;&#x1794;&#x17D2;&#x179A;&#x17BE;&#x1794;&#x17D2;&#x179A;&#x17B6;&#x179F;&#x17CB;&#x1798;&#x17C9;&#x17B6;&#x179F;&#x17CA;&#x17B8;&#x1793;&#x1785;&#x17D2;&#x179A;&#x17BC;&#x178F;&#x179F;&#x17D2;&#x179A;&#x17BC;&#x179C;&#x1796;&#x17B6;&#x1780;&#x17CB;&#x1780;&#x178E;&#x17D2;&#x178F;&#x17B6;&#x179B;&#x179F;&#x17D2;&#x179C;&#x17D0;&#x1799;&#x1794;&#x17D2;&#x179A;&#x179C;&#x178F;&#x17D2;&#x178F;&#x17B7;&#x1780;&#x17C2;&#x1785;&#x17D2;&#x1793;&#x17C3; &#x1793;&#x17C5;&#x1793;&#x17B6;&#x1799;&#x1780;&#x178A;&#x17D2;&#x178B;&#x17B6;&#x1793;&#x1782;&#x17D2;&#x179A;&#x17BF;&#x1784;&#x1799;&#x1793;&#x17D2;&#x178F;&#x1780;&#x179F;&#x17B7;&#x1780;&#x1798;&#x17D2;&#x1798;</subfield>
  </datafield>
  <datafield tag="260" ind1=" " ind2=" ">
    <subfield code="a">Phnom Penh</subfield>
    <subfield code="b">RUA</subfield>
    <subfield code="c">2001</subfield>
  </datafield>
  <datafield tag="300" ind1=" " ind2=" ">
    <subfield code="a">53p.</subfield>
    <subfield code="b">ill.</subfield>
    <subfield code="c">29cm.</subfield>
  </datafield>
  <datafield tag="942" ind1=" " ind2=" ">
    <subfield code="2">ddc</subfield>
    <subfield code="c">ATM</subfield>
  </datafield>
  <datafield tag="999" ind1=" " ind2=" ">
    <subfield code="c">4598</subfield>
    <subfield code="d">4598</subfield>
  </datafield>
  <datafield tag="952" ind1=" " ind2=" ">
    <subfield code="0">0</subfield>
    <subfield code="1">0</subfield>
    <subfield code="2">ddc</subfield>
    <subfield code="4">0</subfield>
    <subfield code="6">ATM_PRE_2002_000000000000000_B192_OR_1</subfield>
    <subfield code="7">0</subfield>
    <subfield code="9">23758</subfield>
    <subfield code="a">LBB</subfield>
    <subfield code="b">LBB</subfield>
    <subfield code="c">B192</subfield>
    <subfield code="d">2015-12-16</subfield>
    <subfield code="l">2</subfield>
    <subfield code="m">2</subfield>
    <subfield code="o">ATM PRE 2002 B192 Or.1</subfield>
    <subfield code="p">RUA039100</subfield>
    <subfield code="r">2020-09-23</subfield>
    <subfield code="s">2020-08-26</subfield>
    <subfield code="w">2015-12-16</subfield>
    <subfield code="y">ATM</subfield>
  </datafield>
  <datafield tag="952" ind1=" " ind2=" ">
    <subfield code="0">0</subfield>
    <subfield code="1">0</subfield>
    <subfield code="2">ddc</subfield>
    <subfield code="4">0</subfield>
    <subfield code="6">ATM_PRE_2002_000000000000000_B192_OR_2</subfield>
    <subfield code="7">0</subfield>
    <subfield code="9">23759</subfield>
    <subfield code="a">LBB</subfield>
    <subfield code="b">LBB</subfield>
    <subfield code="c">B192</subfield>
    <subfield code="d">2015-12-16</subfield>
    <subfield code="l">4</subfield>
    <subfield code="m">1</subfield>
    <subfield code="o">ATM PRE 2002 B192 Or.2</subfield>
    <subfield code="p">RUA039231</subfield>
    <subfield code="r">2017-08-02</subfield>
    <subfield code="s">2017-01-06</subfield>
    <subfield code="w">2015-12-16</subfield>
    <subfield code="y">ATM</subfield>
  </datafield>
  <datafield tag="952" ind1=" " ind2=" ">
    <subfield code="0">0</subfield>
    <subfield code="1">0</subfield>
    <subfield code="2">ddc</subfield>
    <subfield code="4">0</subfield>
    <subfield code="6">ATM_PRE_2002_000000000000000_B192_OR_3</subfield>
    <subfield code="7">0</subfield>
    <subfield code="9">23760</subfield>
    <subfield code="a">LBB</subfield>
    <subfield code="b">LBB</subfield>
    <subfield code="c">B192</subfield>
    <subfield code="d">2015-12-16</subfield>
    <subfield code="l">2</subfield>
    <subfield code="o">ATM PRE 2002 B192 Or.3</subfield>
    <subfield code="p">RUA038998</subfield>
    <subfield code="r">2018-11-13</subfield>
    <subfield code="s">2018-11-05</subfield>
    <subfield code="w">2015-12-16</subfield>
    <subfield code="y">ATM</subfield>
  </datafield>
  <datafield tag="952" ind1=" " ind2=" ">
    <subfield code="0">0</subfield>
    <subfield code="1">0</subfield>
    <subfield code="2">ddc</subfield>
    <subfield code="4">0</subfield>
    <subfield code="6">ATM_PRE_2002_000000000000000_B192_OR_4</subfield>
    <subfield code="7">0</subfield>
    <subfield code="9">23761</subfield>
    <subfield code="a">LBB</subfield>
    <subfield code="b">LBB</subfield>
    <subfield code="c">B192</subfield>
    <subfield code="d">2015-12-16</subfield>
    <subfield code="l">3</subfield>
    <subfield code="m">1</subfield>
    <subfield code="o">ATM PRE 2002 B192 Or.4</subfield>
    <subfield code="p">RUA038996</subfield>
    <subfield code="r">2018-12-25</subfield>
    <subfield code="s">2018-11-28</subfield>
    <subfield code="w">2015-12-16</subfield>
    <subfield code="y">ATM</subfield>
  </datafield>
  <datafield tag="952" ind1=" " ind2=" ">
    <subfield code="0">0</subfield>
    <subfield code="1">0</subfield>
    <subfield code="2">ddc</subfield>
    <subfield code="4">0</subfield>
    <subfield code="6">ATM_PRE_2002_000000000000000_B192_OR_5</subfield>
    <subfield code="7">0</subfield>
    <subfield code="9">23762</subfield>
    <subfield code="a">LBB</subfield>
    <subfield code="b">LBB</subfield>
    <subfield code="c">B192</subfield>
    <subfield code="d">2015-12-16</subfield>
    <subfield code="l">2</subfield>
    <subfield code="o">ATM PRE 2002 B192 Or.5</subfield>
    <subfield code="p">RUA039097</subfield>
    <subfield code="r">2016-07-15</subfield>
    <subfield code="s">2016-02-03</subfield>
    <subfield code="w">2015-12-16</subfield>
    <subfield code="y">ATM</subfield>
  </datafield>
  <datafield tag="952" ind1=" " ind2=" ">
    <subfield code="0">0</subfield>
    <subfield code="1">0</subfield>
    <subfield code="2">ddc</subfield>
    <subfield code="4">0</subfield>
    <subfield code="6">ATM_PRE_2002_000000000000000_B192_OR_6</subfield>
    <subfield code="7">0</subfield>
    <subfield code="9">23763</subfield>
    <subfield code="a">LBB</subfield>
    <subfield code="b">LBB</subfield>
    <subfield code="c">B192</subfield>
    <subfield code="d">2015-12-16</subfield>
    <subfield code="l">4</subfield>
    <subfield code="m">1</subfield>
    <subfield code="o">ATM PRE 2002 B192 Or.6</subfield>
    <subfield code="p">RUA038940</subfield>
    <subfield code="r">2018-02-09</subfield>
    <subfield code="s">2018-01-27</subfield>
    <subfield code="w">2015-12-16</subfield>
    <subfield code="y">ATM</subfield>
  </datafield>
</record>
